<?xml version="1.0" encoding="UTF-8"?>
<collection xmlns:xsi="http://www.w3.org/2001/XMLSchema-instance" xsi:schemaLocation="http://www.loc.gov/MARC21/slim http://www.loc.gov/standards/marcxml/schema/MARC21slim.xsd" xmlns="http://www.loc.gov/MARC21/slim">
 <record>
  <leader>00000nam a22000004a 4500</leader>
  <controlfield tag="001">UP-1686042739785005493</controlfield>
  <controlfield tag="003">Buklod</controlfield>
  <controlfield tag="005">20240521111002.0</controlfield>
  <controlfield tag="006">m    |o  d |      </controlfield>
  <controlfield tag="007">cr |||||||||||</controlfield>
  <controlfield tag="008">240521s2016    xxu     r    |||| u|eng d</controlfield>
  <datafield tag="040" ind1="0" ind2=" ">
   <subfield code="a">UPDent </subfield>
   <subfield code="e">rda</subfield>
  </datafield>
  <datafield tag="041" ind1="0" ind2=" ">
   <subfield code="a">eng</subfield>
  </datafield>
  <datafield tag="090" ind1="0" ind2="0">
   <subfield code="a">LG993.5 2016</subfield>
   <subfield code="b">D4 M36</subfield>
  </datafield>
  <datafield tag="100" ind1="0" ind2=" ">
   <subfield code="a">Mamaril, Erine D.</subfield>
  </datafield>
  <datafield tag="245" ind1="0" ind2="0">
   <subfield code="a">Examiner Variability in Caries Diagnosis of Selected UPCD Students Using International Caries Detection and Assessment System for the Detection of Caries on Occlusal Surfaces/Erine D. Mamaril and Danica Elaine C. Rivera.</subfield>
  </datafield>
  <datafield tag="264" ind1=" " ind2="0">
   <subfield code="c">Manila, Department of Community Dentistry, University of the Philippines Manila, c2016.</subfield>
  </datafield>
  <datafield tag="300" ind1=" " ind2=" ">
   <subfield code="a">viii, 78 leaves</subfield>
   <subfield code="c">28 cm.</subfield>
  </datafield>
  <datafield tag="336" ind1=" " ind2=" ">
   <subfield code="a">text</subfield>
   <subfield code="2">rdacontent</subfield>
  </datafield>
  <datafield tag="337" ind1=" " ind2=" ">
   <subfield code="a">unmediated</subfield>
   <subfield code="2">rdamedia</subfield>
  </datafield>
  <datafield tag="338" ind1=" " ind2=" ">
   <subfield code="a">other (Unmediated carriers)</subfield>
   <subfield code="2">rdacarrier</subfield>
  </datafield>
  <datafield tag="500" ind1=" " ind2=" ">
   <subfield code="a">Seminar Paper--Doctor of Dental Medicine--University of the Philippines Manila.</subfield>
  </datafield>
  <datafield tag="520" ind1="0" ind2=" ">
   <subfield code="a">INTRODUCTION: To bring forward the current understanding of the process of initiation and progression of dental caries to the fields of epidemiological and clinical research, the International Caries Detection and Assessment System (ICDAS) was developed. This study aimed to assess the performance of selected UPCD students by determining the inter-examiner and intra-examiner variability in diagnosing occlusal caries during the ICDAS II system.</subfield>
  </datafield>
  <datafield tag="520" ind1="0" ind2=" ">
   <subfield code="a">METHODS: A workshop regarding caries diagnosis was held for the participants, who examined the teeth specimen using ICDAS in two different times (Phase 1 and Phase 2 of the study). This was done to assess the inter-examiner and intra-examiner variability in diagnosing occlusal caries using the ICDAS II system. Fleiss' Kappa and Cohen's Kappa were computed, for inter-examiner variability and intra-examiner variability, respectively. </subfield>
  </datafield>
  <datafield tag="520" ind1="0" ind2=" ">
   <subfield code="a">RESULTS: Inter-examiner reproducibility, with Fleiss Kappa values ranging from 0.20-0.39 in Phase 1 and 0.0-0.19 in Phase 2, is not favorable. Intra-examiner reproducibility, with computed Cohen's Kappa values of five out of seven clinicians being moderate, is favorable.</subfield>
  </datafield>
  <datafield tag="520" ind1="0" ind2=" ">
   <subfield code="a">CONCLUSION: Intra-examiner reproducibility of clinicians demonstrated fairer reproducibility than inter-examiner. </subfield>
  </datafield>
  <datafield tag="650" ind1="0" ind2="0">
   <subfield code="a">Dental caries--Diagnosis.</subfield>
  </datafield>
  <datafield tag="650" ind1="0" ind2="0">
   <subfield code="a">Dental caries. </subfield>
  </datafield>
  <datafield tag="700" ind1="0" ind2=" ">
   <subfield code="a">Rivera, Danica Elaine C.</subfield>
  </datafield>
  <datafield tag="700" ind1="0" ind2=" ">
   <subfield code="a">Sunico-Segarra, Michelle C.</subfield>
   <subfield code="e">Faculty Co-Author.</subfield>
  </datafield>
  <datafield tag="700" ind1="0" ind2=" ">
   <subfield code="a">Rebueno-Santos, Jessica K.</subfield>
   <subfield code="e">Faculty Adviser.</subfield>
  </datafield>
  <datafield tag="905" ind1=" " ind2=" ">
   <subfield code="a">FI</subfield>
  </datafield>
  <datafield tag="852" ind1="0" ind2=" ">
   <subfield code="a">UPMNL</subfield>
   <subfield code="b">DENT</subfield>
   <subfield code="h">LG993.5 2016</subfield>
   <subfield code="i">D4 M36</subfield>
  </datafield>
  <datafield tag="942" ind1=" " ind2=" ">
   <subfield code="a">Thesis</subfield>
  </datafield>
 </record>
</collection>
